banner koha

Trigo - 1981. Recomendacoes para o estado do Parana. Zoneamento, cultivares, epocas de semeadura, densidade de semeadura, calagem e adubacao, manejo e conservacao do solo; tratamento quimico; descricao das cultivares [Triticum spp; Brasil] (Registro n. 272318)

MARC details
000 -LÍDER
campo de controle de tamanho fixo 01757nac a22004697a 4500
001 - NÚMERO DE CONTROLE
campo de controle BR8102497
003 - IDENTIFICADOR DO NÚMERO DE CONTROLE
campo de controle BR-BrBNA
005 - DATA E HORÁRIO DA ÚLTIMA TRANSAÇÃO
campo de controle 20240105114952.0
008 - CAMPO DE DADOS FIXOS--INFORMAÇÃO GERAL
campo de controle de tamanho fixo 230509b bl.|||m| |||| 00| 0 por d
040 ## - FONTE DA CATALOGAÇÃO
Instituição da catalogação original BR-BrBNA
Idioma da catalogação por
Instituição que transcreveu o registro Biblioteca Nacional de Agricultura
072 ## - CÓDIGO DE CATEGORIA DE ASSUNTO
Código de Categoria de Assunto F00; H20; H10
090 ## - NÚMERO DE CHAMADA LOCAL
Número de chamada 0180 BR8102497
100 1# - ENTRADA PRINCIPAL--NOME PESSOAL
Nome pessoal Oliveira, E.F. de
100 1# - ENTRADA PRINCIPAL--NOME PESSOAL
Nome pessoal Simonetti, F.U.
100 1# - ENTRADA PRINCIPAL--NOME PESSOAL
Nome pessoal Gomide, F.B.
100 1# - ENTRADA PRINCIPAL--NOME PESSOAL
Nome pessoal Franco, F. de A.
100 1# - ENTRADA PRINCIPAL--NOME PESSOAL
Nome pessoal Bairrao, J.F.M.
100 1# - ENTRADA PRINCIPAL--NOME PESSOAL
Nome pessoal Arrellaga, L.H.
100 1# - ENTRADA PRINCIPAL--NOME PESSOAL
Nome pessoal Gomes, L.S.
100 1# - ENTRADA PRINCIPAL--NOME PESSOAL
Nome pessoal Bassoc, M.C.
100 1# - ENTRADA PRINCIPAL--NOME PESSOAL
Nome pessoal Oliveira, M.A.R. de
100 1# - ENTRADA PRINCIPAL--NOME PESSOAL
Nome pessoal Marostica, N.
100 1# - ENTRADA PRINCIPAL--NOME PESSOAL
Nome pessoal Carvalho Neto, R.F.
110 1# - ENTRADA PRINCIPAL--NOME CORPORATIVO
Nome corporativo ou nome da jurisdição Organizacao das Cooperativas do Estado do Parana, Cascavel (Brasil)
9 (RLIN) 7725
245 1# - TÍTULO
Título Trigo - 1981. Recomendacoes para o estado do Parana. Zoneamento, cultivares, epocas de semeadura, densidade de semeadura, calagem e adubacao, manejo e conservacao do solo; tratamento quimico; descricao das cultivares [Triticum spp; Brasil]
246 1# - FORMA VARIANTE DO TÍTULO
Título/título abreviado [Wheat - 1981. Recomendation for the state of Parana. Zoning, cultivars, sowing periods, liming and manuring, soil treatment and conservation, chemical treatment, cultivar description [Triticum spp; Brazil]]
260 3# - PUBLICAÇÃO, DISTRIBUIÇÃO, ETC.
Local de publicação, distribuição, etc. Cascavel, PR (Brasil):
Data da publicação, distribuição, etc. 1981.
300 ## - DESCRIÇÃO FÍSICA
Extensão 74 p.
490 ## - TÍTULO DA SÉRIE
Título da série Boletim Tecnico - Organizacao das Cooperativas do Estado do Parana (Brazil)
Número do volume ou designação sequencial da série no. 6
ISSN - International Standard Serial Number
650 ## - ASSUNTO--TERMO TÓPICO
Cabeçalho tópico ou nome geográfico Producao vegetal
650 ## - ASSUNTO--TERMO TÓPICO
Cabeçalho tópico ou nome geográfico Doenca de planta
650 ## - ASSUNTO--TERMO TÓPICO
Cabeçalho tópico ou nome geográfico Praga de planta
650 ## - ASSUNTO--TERMO TÓPICO
Cabeçalho tópico ou nome geográfico Trigo
650 ## - ASSUNTO--TERMO TÓPICO
Cabeçalho tópico ou nome geográfico Pratica cultural
650 ## - ASSUNTO--TERMO TÓPICO
Cabeçalho tópico ou nome geográfico Variedade
650 ## - ASSUNTO--TERMO TÓPICO
Cabeçalho tópico ou nome geográfico Semeadura
650 ## - ASSUNTO--TERMO TÓPICO
Cabeçalho tópico ou nome geográfico Calagem
650 ## - ASSUNTO--TERMO TÓPICO
Cabeçalho tópico ou nome geográfico Adubacao
650 ## - ASSUNTO--TERMO TÓPICO
Cabeçalho tópico ou nome geográfico Parana
909 ## -
-- 202312
-- Lúcia Elande
-- 55
-- Lúcia Elande
942 ## - ELEMENTOS DE ENTRADA ADICIONADOS (KOHA)
Fonte da classificação ou esquema de arquivamento na estante Classificação AGRIS
Ocultar no OPAC Não
Tipo de material Koha Monografia Seriada
Exemplares
Situação do descarte Fonte da classificação ou esquema de arquivamento na estante Situação física Não pode ser emprestado Coleção Biblioteca de origem Biblioteca atual Localização na estante Total de empréstimos Número de telefone completo Código de barras Data de último acesso Tipo de material Koha Fonte de aquisição
  Classificação AGRIS       Biblioteca Nacional de Agricultura - Binagri Biblioteca Nacional de Agricultura - Binagri Agrobase - Acervo Geral   0180 BR8102497 0180 BR8102497 18/12/2023 Monografia Seriada Portaria Interministerial nº 164/94

BINAGRI

Telefone: (61)3218-2567/2388/3357/2097 - binagri@agro.gov.br

Ministério da Agricultura e Pecuária , Esplanada dos Ministérios, Bloco D, Anexo B, Brasília/DF, CEP: 70.043-900